Convenio de las Naciones Unidas sobre diversidad biológica y protocolo de Cartagena sobre seguridad en la biotecnología (Registro nro. 3728)

Detalles MARC
000 -CABECERA
Campo de control 00990nam a2200277 a 4500
005 - FECHA Y HORA DE LA ULTIMA TRANSACCION
Campo de control 20200104041542.0
008 - ELEMENTOS DE LONGITUD FIJA—INFORMACION GENERAL
Campo de control 140911b2003 ck ||||| |||| 00| 0 spa d
020 ## - ISBN
ISBN 9588151252
040 ## - FUENTE DE CATALOGACIÓN
Agencia catalogadora original CO-BoIAVH
Agencia transcriptora CO-BoIAVH
041 ## - IDIOMA
Código de idioma para texto/pista de sonido o título separado Español
044 ## - PAÍS DE PUBLICACIÓN
País de publicación Colombia
082 04 - NUMERO DE CLASIFICACION DECIMAL DEWEY
Número de clasificación 341.37
Número del ítem H91c
090 ## - CLASIFICACIÓN LOCAL
Colección IAVH
Consecutivo 00258
110 2# - ASIENTO PRINCIPAL--NOMBRE CORPORATIVO
Unidad subordinad Instituto de Investigación de Recursos Biológicos Alexander von Humboldt
245 10 - MENCION DE TITULO
Título Convenio de las Naciones Unidas sobre diversidad biológica y protocolo de Cartagena sobre seguridad en la biotecnología
250 ## - MENCION DE EDICION
Mención de edición Segunda edición.
260 ## - PUBLICACION, DISTRIBUCION, ETC. (PIE DE IMPRENTA)
Lugar de publicación, distribución, etc. Bogotá:
Nombre del editor, distribuidor, etc. Instituto Alexander von Humboldt;
Fecha de publicación, distribución, etc. 2003.
300 ## - DESCRIPCION FISICA
Extensión 118 p.
Dimensiones 21 cm.
650 #4 - ASIENTO SECUNDARIO DE MATERIA - TERMINO TEMATICO
Término temático o nombre geográfico como elemento de entrada Convenios internacionales
650 #6 - ASIENTO SECUNDARIO DE MATERIA - TERMINO TEMATICO
Término temático o nombre geográfico como elemento de entrada Derecho internacional ambiental
Subdivisión geográfica Colombia
650 #4 - ASIENTO SECUNDARIO DE MATERIA - TERMINO TEMATICO
Término temático o nombre geográfico como elemento de entrada Convenio sobre diversidad biológica
650 #4 - ASIENTO SECUNDARIO DE MATERIA - TERMINO TEMATICO
Término temático o nombre geográfico como elemento de entrada Biotecnología
650 #4 - ASIENTO SECUNDARIO DE MATERIA - TERMINO TEMATICO
Término temático o nombre geográfico como elemento de entrada Protocolo de Cartagena sobre bioseguridad
942 ## - ELEMENTOS ADICIONALES (KOHA)
Tipo de ítem Libro
Sistema de clasificación Dewey Decimal Classification
945 ## - PROCESAMIENTO LOCAL
AAAA-MM-DD - Fecha de ingreso o modificacion 2004-03-04
Existencias
Withdrawn status Lost status Sistema de Clasificación Damaged status No para préstamo Colección Inventariado Ubicación Permanente Ubicación actual Fecha de adquisición Fuente de Valor Valor Total Checkouts Número topográfico Inventario / Código de Barras Date last seen Ejemplar Price effective from Forma de adquisición Tipo de material
    Dewey Decimal Classification     Humboldt Inventariado 2017 Bogotá Bogotá 04/03/2004 Instituto 15000.00   IAVH-341.37 H91c 018122 04/12/2012 Ej.1 04/12/2012 Institucional Libro
    Dewey Decimal Classification     Humboldt Inventariado 2017 Bogotá Bogotá 04/03/2004 Instituto 15000.00   IAVH-341.37 H91c 018123 04/12/2012 Ej.2 04/12/2012 Institucional Libro
    Dewey Decimal Classification     Humboldt Inventariado 2017 Bogotá Bogotá 04/03/2004 Instituto 15000.00   IAVH-341.37 H91c 018124 04/12/2012 Ej.3 04/12/2012 Institucional Libro
    Dewey Decimal Classification     Humboldt Inventariado 2017 Bogotá Bogotá 11/09/2014 Instituto 15000.00   IAVH-341.37 H91c 038348 11/09/2014 Ej. 4 11/09/2014 Institucional Libro
    Dewey Decimal Classification     Humboldt   Bogotá Bogotá 25/11/2017       IAVH-341.37 H91c 043354 25/11/2017 Ej.9 25/11/2017 Institucional Libro
    Dewey Decimal Classification     Humboldt Inventariado 2017 Sala Fabio Quevedo Sala Fabio Quevedo 18/07/2014 Instituto 15000.00   IAVH-341.37 H91c2 015807 04/12/2012 Ej.5 04/12/2012   Libro
    Dewey Decimal Classification     Humboldt Inventariado 2017 Sala Fabio Quevedo Sala Fabio Quevedo 18/07/2014 Instituto 15000.00   IAVH-341.37 H91c2 015808 04/12/2012 Ej.6 04/12/2012   Libro
    Dewey Decimal Classification     Humboldt Inventariado 2017 Sala Fabio Quevedo Sala Fabio Quevedo 06/10/2014 Instituto 15000.00   IAVH-341.37 H91c 004121 06/10/2014 Ej.7 06/10/2014   Libro
    Dewey Decimal Classification     Humboldt Inventariado 2017 Sala Fabio Quevedo Sala Fabio Quevedo 06/10/2014 Instituto 15000.00   IAVH-341.37 H91c 004122 06/10/2014 Ej.8 06/10/2014   Libro
    Dewey Decimal Classification     Humboldt Inventariado 2017 Villa de Leyva Villa de Leyva 04/03/2004 Instituto 15000.00   IAVH-00258 015411 04/12/2012 Ej.1 04/12/2012 Institucional Libro